| 000 | 01436cam a22003854a 4500 | ||
|---|---|---|---|
| 001 | 13414405 | ||
| 003 | NUST | ||
| 005 | 20250715155905.0 | ||
| 008 | 031124s2004 nyua 001 0 eng | ||
| 010 | _a 2003025641 | ||
| 020 | _a0806964111 | ||
| 020 | _a9780806964119 | ||
| 035 | _a13414405 | ||
| 040 |
_aDLC _cDLC _dDLC |
||
| 042 | _apcc | ||
| 050 | 0 | 0 |
_aSB473 _b.C665 2004 |
| 082 | 0 | 0 |
_a712/.6 _222 _bCOR |
| 100 | 1 |
_aCorlett, Keith. _9129840 |
|
| 245 | 1 | 0 |
_aGarden design for small spaces : _bfrom backyards to balconies to rooftops / _cKeith Corlett. |
| 260 |
_aNew York : _bSterling Pub., _cc2004. |
||
| 300 |
_a144 p. : _bcol. ill. ; _c26 cm. |
||
| 336 |
_atext _btxt _2rdacontent |
||
| 337 |
_aunmediated _bn _2rdamedia |
||
| 338 |
_avolume _bnc _2rdacarrier |
||
| 500 | _aIncludes index. | ||
| 590 | _6 Book for General Stock | ||
| 650 | 0 |
_aGardens _xDesign. _9120940 |
|
| 650 | 0 |
_aLandscape gardening. _932117 |
|
| 856 | 4 | 2 |
_3Publisher description _uhttp://www.loc.gov/catdir/description/ste041/2003025641.html |
| 856 | 4 | 1 |
_3Table of contents _uhttp://www.loc.gov/catdir/toc/ecip0411/2003025641.html |
| 906 |
_a7 _bcbc _corignew _d1 _eecip _f20 _gy-gencatlg |
||
| 942 |
_2ddc _cBK _k712.6 COR 2004 _m712.6 COR 2004 |
||
| 999 |
_c614371 _d614371 |
||